000 00850nac a22002657a 4500
001 BR9903622
003 BR-BrBNA
005 20240105122243.0
008 230509b bl.|||m| |||| 00| 0 por d
040 _aBR-BrBNA
_bpor
_cBiblioteca Nacional de Agricultura
072 _aP40
090 _aP40 BR9903622
100 1 _aSerebrenick, S.
110 1 _aMinisterio da Agricultura Rio de Janeiro, RJ (Brasil). Servico de Documentacao
_96745
245 1 _aNotas sobre o clima do Brasil
260 3 _aRio de Janeiro, RJ (Brasil):
_c1945.
300 _a38 p.
490 _aS.D.A. - Ministerio da Agricultura. Servico de Documentacao (Brazil)
_vno. 254
_x
500 _a7 illus.
650 _aClima Tropical
650 _aClimatologia
650 _aGeografia Descritiva
909 _a202312
_bLúcia Elande
_c55
_dLúcia Elande
942 _2AGRIS
_n0
_cMS
999 _c290040
_d290040